Statistiques concernant Toronto - Culture Générale

Cliquez ici pour prendre le quiz!

Statistiques générales

  • Ce quiz a été pris 55 fois
  • Le résultat moyen est 7 sur 15

Statistiques - réponses

InformationRéponse% Correct
Nom de la province et du lac où se trouve TorontoOntario
92%
Tour haute de 553m qui fut l'une des plus grande du monde{CN} Tower
67%
Rappeur très attaché à sa ville qui expose cette tour sur son album Views (2016)Drake
63%
Pays qui envahit la ville en 1812-1813États-Unis
63%
Équipe de NBA qui a soulevé pour la première fois la coupe en 2019Toronto Raptors
53%
Acteur dans Menteur, menteur (1997) ou The Truman Show (1998) né iciJim Carrey
53%
Langue la plus parlée derrière l'anglaisCantonais
51%
Fonction qu'atteignit ce Lester B. Pearson en 1963Premier ministre du Canada
43%
Nom que portait Toronto jusqu'en 1834 (d'après une ville anglaise)York
41%
Ce que sont "Woodine" ou "Hanlan’s Point" (très prisé en été)Plages
33%
Oiseau qui est l'icône et le nom de l'équipe de baseballGeai bleu
31%
Superhéros "incroyable" qui parcourait les rues de Toronto dans un film vu en 2008Hulk
29%
Quotidien canadien tiré par million basé à TorontoThe {Globe} and Mail
20%
Matricule de l'aéroport PearsonYYZ
16%
Région fortement peuplée dont Toronto est le centreGolden {Horseshoe}
10%

Distribution des résultats

Percentile par nombre de réponses

% des personnes avec chaque résultat

Votre développement - résultats

Vous n’avez pas pris ce quiz